अपने आस पास : (Record no. 113238)

MARC details
000 -LEADER
fixed length control field 00989nam a22002537a 4500
005 - DATE AND TIME OF LATEST TRANSACTION
control field 20170124102950.0
010 ## - LIBRARY OF CONGRESS CONTROL NUMBER
LC control number B-077267
020 ## - INTERNATIONAL STANDARD BOOK NUMBER
Terms of availability 60.00
035 ## - SYSTEM CONTROL NUMBER
System control number B-077267
037 ## - SOURCE OF ACQUISITION
Source of stock number/acquisition Cen Lib/Ret
040 ## - CATALOGING SOURCE
Original cataloging agency DPL
Language of cataloging HN
082 ## - DEWEY DECIMAL CLASSIFICATION NUMBER
Classification number
Item number स्वामीम
100 ## - MAIN ENTRY--PERSONAL NAME
Personal name स्वामी, मनु
9 (RLIN) 3694
245 ## - TITLE STATEMENT
Title अपने आस पास :
Statement of responsibility, etc मनु स्वामी
Remainder of title लघु कथाएं /
246 ## - VARYING FORM OF TITLE
Title proper/short title Apne as pas : laghukathayen /
Remainder of title by Manu Swami
260 ## - PUBLICATION, DISTRIBUTION, ETC. (IMPRINT)
Place of publication, distribution, etc मुज़फ्फरनगर
Name of publisher, distributor, etc कुसुम प्रकाशन
Date of publication, distribution, etc 2002
270 ## - ADDRESS
City मुज़फ्फरनगर
Address सदर बाज़ार
300 ## - PHYSICAL DESCRIPTION
Extent 56पृ.
Dimensions 21सेमी(सजिल्द )
650 ## - SUBJECT ADDED ENTRY--TOPICAL TERM
Topical term or geographic name as entry element हिंदी साहित्य
General subdivision
Geographic subdivision
9 (RLIN) 51257
650 ## - SUBJECT ADDED ENTRY--TOPICAL TERM
Topical term or geographic name as entry element हिंदी कहानियां
9 (RLIN) 2082
650 ## - SUBJECT ADDED ENTRY--TOPICAL TERM
Topical term or geographic name as entry element Hindi literature
9 (RLIN) 51258
650 ## - SUBJECT ADDED ENTRY--TOPICAL TERM
Topical term or geographic name as entry element Hindi stories
9 (RLIN) 51259
942 ## - ADDED ENTRY ELEMENTS (KOHA)
Source of classification or shelving scheme Dewey Decimal Classification
Koha item type Hindi Books
Classification part
Call number suffix स्वामीम
Holdings
Withdrawn status Lost status Damaged status Not for loan Home library Current library Date acquired Source of acquisition Cost, normal purchase price Total Checkouts Full call number Barcode Date last seen Copy number Cost, replacement price Price effective from Koha item type
        Central Library Central Library 11/08/2015 Cen Lib/Ret 60.00   क स्वामीम B-077267 11/08/2015 1 60.00 11/08/2015 Hindi Books

© Delhi Public Library
Hit Counter
free hit counter